| 000 | 00712nam a22002417a 4500 | ||
|---|---|---|---|
| 003 | OSt | ||
| 005 | 20180116192412.0 | ||
| 008 | 121213t2002 xxu||||| |||| 00| 0 eng d | ||
| 020 | _a0714842176 | ||
| 020 | _a 9780714842172 | ||
| 040 | _c0 | ||
| 082 | _a727.472094318 | ||
| 100 | 1 |
_aSharp, Dennis. _96122 |
|
| 245 | 1 | 0 |
_a Dessau aid bauhaus : _bWalter groups / _cDennis Sharp. |
| 260 |
_aLondon : _bPhaidon Press, _c2002. |
||
| 300 |
_a62 p. : _bill; _c25 cm. |
||
| 490 | 1 | _a Architecture in detail. | |
| 610 | 1 |
_aGropius, Walter, _d1883-1969 _96123 |
|
| 650 |
_aBauhaus _96124 |
||
| 830 | 0 |
_aArchitecture in detail. _96125 |
|
| 942 |
_2ddc _cBK |
||
| 999 |
_c353593 _d353593 |
||